Balletomania (Record no. 78304)

MARC details
000 -LEADER
campo de control de longitud fija 00457nam a2200157 i 4500
001 - NÚMERO DE CONTROL
campo de control 78304
003 - IDENTIFICADOR DE NÚMERO DE CONTROL
campo de control ES-MaACL
005 - FECHA Y HORA DE LA ÚLTIMA TRANSACCIÓN
campo de control 20230906173641.0
007 - CAMPO FIJO DE DESCRIPCIÓN FÍSICA--INFORMACIÓN GENERAL
campo de control de longitud fija t|
008 - DATOS DE LONGITUD FIJA--INFORMACIÓN GENERAL
campo de control de longitud fija 041013s1934 xxk ||||1| eng d
100 1# - ENTRADA PRINCIPAL--NOMBRE DE PERSONA
Nombre de persona Haskell, Arnold L.
9 (RLIN) 62034
245 10 - MENCIÓN DEL TÍTULO
Título Balletomania
Resto del título : the story of an obsession /
Mención de responsabilidad, etc. by Arnold L. Haskell.
260 ## - PUBLICACIÓN, DISTRIBUCIÓN, ETC.
Lugar de publicación, distribución, etc. London :
Nombre del editor, distribuidor, etc. [s.n.,
Fecha de publicación, distribución, etc. 1934] (
Fabricante The Camelot Press)
300 ## - DESCRIPCIÓN FÍSICA
Extensión 350 p. :
Otras características físicas il. ;
Dimensiones 24 cm.
852 ## - LOCALIZACIÓN
Ubicación ES-MaACL
Número de control de estantería A-3645
Holdings
Estatus retirado Estado de pérdida Estado de daño No para préstamo Biblioteca de origen Biblioteca actual Ubicación en estantería Fecha de adquisición Fuente de adquisición Total de préstamos Signatura topográfica completa Código de barras Visto por última vez Precio de reemplazo Tipo de ítem Koha
        Biblioteca del Ateneo de Madrid Biblioteca del Ateneo de Madrid Sala Pecera Planta 1 17/01/2008     A-3645 1081909 23/02/2023 23/02/2023 Libro impreso